000 00350 a2200145 4500
001 155500
040 _cEscola São Tomás de Aquino
100 _aO´SAGAE, Peter
240 1 0 _aUma noite para João e outros poemas
_lpor
245 1 0 _aUma noite para João e outros poemas
300 _a36
440 1 _aPaulinas
697 _aPoesia
942 _cBK
999 _c155500
_d155500